<?xml version="1.0" encoding="UTF-8"?>
<record
    xmlns:xsi="http://www.w3.org/2001/XMLSchema-instance"
    xsi:schemaLocation="http://www.loc.gov/MARC21/slim http://www.loc.gov/standards/marcxml/schema/MARC21slim.xsd"
    xmlns="http://www.loc.gov/MARC21/slim">

  <leader>02180nam a22002537a 4500</leader>
  <controlfield tag="005">20220117094418.0</controlfield>
  <controlfield tag="008">220117b           ||||| |||| 00| 0 eng d</controlfield>
  <datafield tag="020" ind1=" " ind2=" ">
    <subfield code="a">8126907622</subfield>
  </datafield>
  <datafield tag="040" ind1=" " ind2=" ">
    <subfield code="c">AL</subfield>
  </datafield>
  <datafield tag="041" ind1=" " ind2=" ">
    <subfield code="a">eng</subfield>
  </datafield>
  <datafield tag="082" ind1=" " ind2=" ">
    <subfield code="2">23</subfield>
    <subfield code="a">954.04</subfield>
    <subfield code="b">PRAN</subfield>
  </datafield>
  <datafield tag="100" ind1=" " ind2=" ">
    <subfield code="a">R D Pradhan</subfield>
    <subfield code="9">13335</subfield>
  </datafield>
  <datafield tag="245" ind1=" " ind2=" ">
    <subfield code="a">Nineteen Sixty Five War: The Inside Story</subfield>
  </datafield>
  <datafield tag="260" ind1=" " ind2=" ">
    <subfield code="a">New Delhi</subfield>
    <subfield code="b">Atlantic Publishers and Distributors Pvt Ltd</subfield>
    <subfield code="c">2007</subfield>
  </datafield>
  <datafield tag="300" ind1=" " ind2=" ">
    <subfield code="a">xviiii,141 p.</subfield>
    <subfield code="b">HB</subfield>
    <subfield code="c">22x14 cm.</subfield>
  </datafield>
  <datafield tag="365" ind1=" " ind2=" ">
    <subfield code="b">275.00</subfield>
    <subfield code="c">&#x20B9;</subfield>
    <subfield code="d">275.00</subfield>
  </datafield>
  <datafield tag="520" ind1=" " ind2=" ">
    <subfield code="a">1965 War was the first all-out clash between the two nations&#x2014;India and Pakistan, after the Partition in 1947. Y.B. Chavan, India&#x2019;s former Defence Minister, recorded in his own hand the 22-day war. The inside story reveals: Utter failure of intelligence on timing of Pak attack. How and why Chavan ordered IAF to launch attack without even informing the PM. Why India attacked across the international border? Reasons as per Chavan recording, &#x201C;If we fail&#x2014;and I cannot even imagine of it&#x2014;the Nation fails&#x201D;. How a Division Commander bolted from the theatre of operation. How the Army Commander sacrificed over 300 men for &#x201C;the Greater Glory of his Regiment&#x201D;. Why the Indian Army did not march into Lahore. Occasions when the Army Chief almost lost his nerve. How the Defence Minister, the Army and Air chiefs worked as team. How PM kept his cool and emerged as a great leader in War. Was it a Futile War? Did India lose in Tashkent what was won on battle-fields. Finally, how the political leadership re-established its proper relationship with the defence forces leadership and wiped out bitter memories of the 1962 India-China War. The book is a tribute to the IAF that was deployed in war for the first time after the Independence. Also to India&#x2019;s armoured Regiments that fought valiantly and destroyed myth of superiority of the Pattons.</subfield>
    <subfield code="u">https://www.scribd.com/document/454292526/278702843-1965-War-the-Inside-Story-1-3-pdf</subfield>
  </datafield>
  <datafield tag="650" ind1=" " ind2=" ">
    <subfield code="a">Indian History</subfield>
    <subfield code="9">13329</subfield>
  </datafield>
  <datafield tag="650" ind1=" " ind2=" ">
    <subfield code="a">Defense Ministers Diary</subfield>
    <subfield code="9">13330</subfield>
  </datafield>
  <datafield tag="650" ind1=" " ind2=" ">
    <subfield code="a">India-Pakistan War</subfield>
    <subfield code="9">13331</subfield>
  </datafield>
  <datafield tag="650" ind1=" " ind2=" ">
    <subfield code="a">Y B Chavan's Diary</subfield>
    <subfield code="9">13332</subfield>
  </datafield>
  <datafield tag="700" ind1=" " ind2=" ">
    <subfield code="a">PRADHAN (R D)</subfield>
    <subfield code="9">13333</subfield>
  </datafield>
  <datafield tag="942" ind1=" " ind2=" ">
    <subfield code="2">ddc</subfield>
    <subfield code="c">GF</subfield>
  </datafield>
  <datafield tag="999" ind1=" " ind2=" ">
    <subfield code="c">221194</subfield>
    <subfield code="d">221194</subfield>
  </datafield>
  <datafield tag="952" ind1=" " ind2=" ">
    <subfield code="0">0</subfield>
    <subfield code="1">0</subfield>
    <subfield code="2">ddc</subfield>
    <subfield code="4">0</subfield>
    <subfield code="7">0</subfield>
    <subfield code="8">HIS</subfield>
    <subfield code="a">AL</subfield>
    <subfield code="b">AL</subfield>
    <subfield code="d">2013-03-24</subfield>
    <subfield code="l">0</subfield>
    <subfield code="o">954.04 PRAN</subfield>
    <subfield code="p">GF00551</subfield>
    <subfield code="r">2022-01-17 00:00:00</subfield>
    <subfield code="w">2022-01-17</subfield>
    <subfield code="y">GF</subfield>
  </datafield>
</record>
